[Event "CRO Cup"]
[Site "Mali Losinj"]
[Date "2019.05.16"]
[Round "2.94"]
[White "Susnjar, Miroslav"]
[Black "Kovacevic, Veljko"]
[Result "1/2-1/2"]
[WhiteElo "2136"]
[BlackElo "2183"]
[PlyCount "54"]
[EventDate "2019.05.15"]
[EventType "team-swiss"]
[EventRounds "6"]
[EventCountry "CRO"]
[SourceTitle "CBM 190 Extra"]
[Source "ChessBase"]
[SourceDate "2019.07.15"]
[SourceVersion "1"]
[SourceVersionDate "2019.07.15"]
[SourceQuality "1"]
[WhiteTeam "Osijek Ferit"]
[BlackTeam "Bjelovar"]
[WhiteTeamCountry "CRO"]
[BlackTeamCountry "CRO"]

1. Nf3 Nf6 2. d4 c5 3. e3 g6 4. Be2 Bg7 5. 0-0 b6 6. c4 0-0 7. Nc3 d6 8. b3 Bb7 9. Bb2 Na6 10. Qb1 cxd4 11. exd4 d5 12. Rd1 e6 13. Ne5 Qb8 14. Ba3 Rc8 15. Qd3 Nc5 16. Qe3 Nce4 17. Bb2 Nxc3 18. Bxc3 Ne4 19. Bb2 f6 20. Nf3 Qd6 21. Bd3 Rc7 22. Rac1 Rac8 23. Rc2 Bf8 24. Rdc1 Qd7 25. cxd5 exd5 26. Rxc7 Rxc7 27. Rxc7 Qxc7 1/2-1/2

[Event "CRO Cup"]
[Site "Mali Losinj"]
[Date "2019.05.15"]
[Round "1.134"]
[White "Jambrusic, Zvonimir"]
[Black "Susnjar, Miroslav"]
[Result "1/2-1/2"]
[WhiteElo "1867"]
[BlackElo "2136"]
[PlyCount "27"]
[EventDate "2019.05.15"]
[EventType "team-swiss"]
[EventRounds "6"]
[EventCountry "CRO"]
[SourceTitle "CBM 190 Extra"]
[Source "ChessBase"]
[SourceDate "2019.07.15"]
[SourceVersion "1"]
[SourceVersionDate "2019.07.15"]
[SourceQuality "1"]
[WhiteTeam "Garesnica Mount Trade"]
[BlackTeam "Osijek Ferit"]
[WhiteTeamCountry "CRO"]
[BlackTeamCountry "CRO"]

1. d4 Nf6 2. b3 c5 3. e3 e6 4. Bd3 b6 5. Nf3 Bb7 6. 0-0 Be7 7. Bb2 d6 8. c4 Nbd7 9. Nc3 a6 10. Re1 0-0 11. e4 cxd4 12. Nxd4 Qc7 13. Ba3 Nc5 14. Bc2 1/2-1/2

[Event "CRO Cup"]
[Site "Mali Losinj"]
[Date "2017.05.10"]
[Round "1.11"]
[White "Susnjar, Miroslav"]
[Black "Stocko, Josip"]
[Result "0-1"]
[WhiteElo "2160"]
[BlackElo "2331"]
[PlyCount "74"]
[EventDate "2017.05.10"]
[EventType "team-swiss"]
[EventRounds "6"]
[EventCountry "CRO"]
[SourceTitle "CBM 178 Extra"]
[Source "ChessBase"]
[SourceDate "2017.06.22"]
[SourceVersion "1"]
[SourceVersionDate "2017.06.22"]
[SourceQuality "1"]
[WhiteTeam "Osijek"]
[BlackTeam "Vinkovci"]
[WhiteTeamCountry "CRO"]
[BlackTeamCountry "CRO"]

1. d4 Nf6 2. c4 e6 3. Nf3 Bb4+ 4. Nbd2 0-0 5. g3 b6 6. Bg2 Bb7 7. 0-0 d5 8. Ne5 Nbd7 9. Ndf3 h6 10. Qa4 Bd6 11. Bf4 a6 12. Rfc1 dxc4 13. Qxc4 b5 14. Qc2 Be4 15. Qd1 Nb6 16. b3 Ba3 17. Nc6 Qe8 18. Nfe5 Bxg2 19. Kxg2 Bxc1 20. Rxc1 Nbd5 21. Bd2 Ne4 22. Be1 f6 23. Nf3 a5 24. Qd3 Nd6 25. e4 Qg6 26. Qc2 Qxe4 27. Qxe4 Nxe4 28. Bxa5 Ra6 29. b4 Kf7 30. a4 bxa4 31. b5 Raa8 32. Bxc7 Nxc7 33. b6 Na6 34. b7 Rae8 35. Ra1 Nb8 36. d5 exd5 37. Nfd4 Nc5 0-1

[Event "CRO-chT2 Ost"]
[Site "Croatia"]
[Date "2016.04.16"]
[Round "1.33"]
[White "Susnjar, Miroslav"]
[Black "Ljikar, Zoran"]
[Result "1/2-1/2"]
[WhiteElo "2179"]
[BlackElo "2253"]
[PlyCount "46"]
[EventDate "2016.04.16"]
[EventType "team-tourn"]
[EventRounds "11"]
[EventCountry "CRO"]
[SourceTitle "EXT 2019"]
[Source "ChessBase"]
[SourceDate "2018.10.10"]
[SourceVersion "1"]
[SourceVersionDate "2018.10.10"]
[SourceQuality "1"]

1. d4 Nf6 2. Nf3 e6 3. c4 c5 4. e3 b6 5. Nc3 Bb7 6. Be2 Be7 7. b3 0-0 8. 0-0 cxd4 9. exd4 d5 10. Bb2 Ne4 11. Bd3 Nd7 12. Qe2 f5 13. cxd5 exd5 14. Rac1 a6 15. Nb1 Bd6 16. Ba3 Qf6 17. Qb2 b5 18. Bxd6 Qxd6 19. Nbd2 Rae8 20. Rfe1 b4 21. Nf1 Re6 22. Ne3 g6 23. Nc2 Rfe8 1/2-1/2

[Event "CRO-chT2 Ost"]
[Site "Croatia"]
[Date "2015.10.17"]
[Round "8.55"]
[White "Susnjar, Miroslav"]
[Black "Pastulovic, Stjepan"]
[Result "1-0"]
[WhiteElo "2177"]
[BlackElo "1946"]
[PlyCount "57"]
[EventDate "2015.04.25"]
[EventType "team-tourn"]
[EventRounds "11"]
[EventCountry "CRO"]
[SourceTitle "EXT 2016"]
[Source "ChessBase"]
[SourceDate "2015.10.08"]
[SourceVersion "1"]
[SourceVersionDate "2015.10.08"]
[SourceQuality "1"]

1. d4 d6 2. e4 g6 3. Nf3 Bg7 4. Bd3 Nd7 5. 0-0 e5 6. c3 exd4 7. cxd4 Ne7 8. Nc3 0-0 9. Bg5 f6 10. Be3 f5 11. Ng5 Nf6 12. Qb3+ d5 13. e5 Ng4 14. Bd2 c6 15. h3 Nh6 16. Nf3 Nf7 17. Rfe1 Qc7 18. Rac1 Be6 19. Ne2 Nc8 20. Nf4 Re8 21. Nxe6 Rxe6 22. Qxd5 Re7 23. Qb3 Nb6 24. Bb4 Ree8 25. Ba5 Kh8 26. Bc4 Nd8 27. h4 c5 28. Bb5 Rf8 29. dxc5 1-0

[Event "CRO-Cup 20th"]
[Site "Sibenik"]
[Date "2011.05.22"]
[Round "6.54"]
[White "Mihalinec, Damir"]
[Black "Susnjar, Miroslav"]
[Result "1-0"]
[WhiteElo "2202"]
[BlackElo "2224"]
[PlyCount "67"]
[EventDate "2011.05.18"]
[EventType "team-swiss"]
[EventRounds "6"]
[EventCountry "CRO"]
[SourceTitle "CBM 142 Extra"]
[Source "ChessBase"]
[SourceDate "2011.06.27"]
[SourceVersion "1"]
[SourceVersionDate "2011.06.27"]
[SourceQuality "1"]
[WhiteTeam "Samobor"]
[BlackTeam "Osijek"]
[WhiteTeamCountry "CRO"]
[BlackTeamCountry "CRO"]

1. c4 Nf6 2. Nc3 g6 3. Nf3 Bg7 4. g3 0-0 5. Bg2 c6 6. 0-0 d5 7. cxd5 cxd5 8. d3 Nc6 9. Qb3 h6 10. Bd2 e5 11. Rfd1 Rb8 12. Rac1 Be6 13. Qa3 Re8 14. Na4 Bf8 15. b4 a5 16. Nc5 axb4 17. Qb2 Bc8 18. d4 exd4 19. Bf4 Ra8 20. Nxd4 Nxd4 21. Rxd4 Ra5 22. Nd3 Qe7 23. Bc7 Rb5 24. a4 bxa3 25. Qxb5 Qxe2 26. Bf1 Qd2 27. Bf4 Qa2 28. Nb4 Qb2 29. Nxd5 Ng4 30. Rd2 Qxc1 31. Qxe8 Kg7 32. Ne7 Ne3 33. Be5+ f6 34. Qxg6+ 1-0

[Event "CRO-chT2"]
[Site "Pula"]
[Date "1998.??.??"]
[Round "7"]
[White "Susnjar, Miroslav"]
[Black "Bozanic, Ivica"]
[Result "1/2-1/2"]
[WhiteElo "2230"]
[BlackElo "2265"]
[PlyCount "86"]
[EventDate "1998.??.??"]
[EventType "team"]
[EventRounds "9"]
[EventCountry "CRO"]
[SourceTitle "EXT 2000"]
[Source "ChessBase"]
[SourceDate "1999.11.16"]
[SourceVersion "1"]
[SourceVersionDate "1999.11.16"]
[SourceQuality "1"]

1. d4 f5 2. Nc3 d5 3. Bg5 c6 4. Qd3 Qa5 5. a3 e6 6. g4 b5 7. Bd2 Qc7 8. gxf5 exf5 9. Nh3 Bd6 10. Qf3 Nf6 11. Bf4 0-0 12. Bxd6 Qxd6 13. Qf4 Qe7 14. Rg1 Ne4 15. Nd1 a5 16. e3 Na6 17. Qe5 Qf7 18. Be2 Ra7 19. Qf4 Nc7 20. f3 Ne6 21. Qh4 Nd6 22. Bd3 Re7 23. Kd2 Qf6 24. Qxf6 Rxf6 25. f4 Bd7 26. b3 Be8 27. Ndf2 Bh5 28. Rg3 h6 29. Rag1 Kf8 30. R1g2 b4 31. a4 c5 32. dxc5 Nxc5 33. Ng1 Nde4+ 34. Nxe4 dxe4 35. Bc4 Rd6+ 36. Kc1 Rc7 37. Kb2 Bf3 38. Nxf3 exf3 39. Rxf3 Nxa4+ 40. bxa4 Rxc4 41. Rfg3 Rc7 42. Rg6 Rd5 43. h4 Rdc5 1/2-1/2

[Event "CRO-chT2"]
[Site "Medulin"]
[Date "1997.??.??"]
[Round "?"]
[White "Bozinovic, Bogdan"]
[Black "Susnjar, Miroslav"]
[Result "1/2-1/2"]
[WhiteElo "2255"]
[BlackElo "2245"]
[PlyCount "99"]
[EventDate "1997.??.??"]
[EventType "team"]
[EventRounds "9"]
[EventCountry "CRO"]
[SourceTitle "EXT 1999"]
[Source "ChessBase"]
[SourceDate "1998.11.16"]
[SourceVersion "1"]
[SourceVersionDate "1998.11.16"]
[SourceQuality "1"]

1. d4 g6 2. c4 Bg7 3. Nc3 c5 4. d5 Bxc3+ 5. bxc3 f5 6. e4 fxe4 7. h4 Qa5 8. h5 Qxc3+ 9. Bd2 Qg7 10. Ne2 Nf6 11. Ng3 d6 12. Bc3 Bf5 13. Be2 0-0 14. hxg6 hxg6 15. Qd2 Nbd7 16. Nf1 Ne5 17. Ne3 Bd7 18. Qb2 Nh5 19. Bxe5 Qxe5 20. Qxe5 dxe5 21. Bxh5 gxh5 22. Rxh5 e6 23. dxe6 Bxe6 24. Rxe5 Rf6 25. Rxe4 Rd8 26. Rd1 Rxd1+ 27. Nxd1 Bf7 28. g4 Ra6 29. Nc3 Re6 30. Kd2 Rxe4 31. Nxe4 Bxc4 32. Nxc5 Bxa2 33. Nxb7 Be6 34. g5 Kg7 35. Ke3 Kg6 36. f4 Bd5 37. Nd6 a5 38. Kd4 Bb3 39. Kc3 Bd5 40. Kd4 Bb3 41. Ke5 a4 42. Nb5 Bc4 43. Na3 Bb3 44. Ke4 Kh5 45. Kf5 Ba2 46. Kf6 Bd5 47. g6 Kh6 48. f5 Bb3 49. Nb5 Ba2 50. Nd6 1/2-1/2

[Event "CRO-chT2"]
[Site "Medulin"]
[Date "1997.??.??"]
[Round "?"]
[White "Dusper, Hrvoje"]
[Black "Susnjar, Miroslav"]
[Result "1/2-1/2"]
[WhiteElo "2220"]
[BlackElo "2245"]
[PlyCount "62"]
[EventDate "1997.??.??"]
[EventType "team"]
[EventRounds "9"]
[EventCountry "CRO"]
[SourceTitle "EXT 1999"]
[Source "ChessBase"]
[SourceDate "1998.11.16"]
[SourceVersion "1"]
[SourceVersionDate "1998.11.16"]
[SourceQuality "1"]

1. e4 c5 2. Nf3 Nc6 3. d4 cxd4 4. Nxd4 e5 5. Nf5 d5 6. exd5 Bxf5 7. dxc6 Qxd1+ 8. Kxd1 bxc6 9. Bd3 0-0-0 10. Ke2 Bxd3+ 11. cxd3 Bc5 12. Be3 Bd4 13. Bxd4 Rxd4 14. Rc1 Ne7 15. Nd2 Rhd8 16. Rc3 Nd5 17. Rxc6+ Kb7 18. Rac1 Nf4+ 19. Kf1 Rxd3 20. g3 R8d7 21. R6c4 Rxd2 22. Rb4+ Ka6 23. gxf4 exf4 24. Rc3 R2d3 25. Rc6+ Ka5 26. Rb8 R3d4 27. Rc5+ Ka6 28. Rc6+ Ka5 29. Rc5+ Ka6 30. Rc3 Ra4 31. Rc6+ Ka5 1/2-1/2

[Event "CRO-chT2"]
[Site "Tucepi"]
[Date "1996.??.??"]
[Round "?"]
[White "Susnjar, Miroslav"]
[Black "Ascic, Anto"]
[Result "0-1"]
[WhiteElo "2285"]
[BlackElo "2345"]
[PlyCount "120"]
[EventDate "1996.??.??"]
[EventType "team"]
[EventRounds "9"]
[EventCountry "CRO"]
[SourceTitle "EXT 1998"]
[Source "ChessBase"]
[SourceDate "1997.11.17"]
[SourceVersion "1"]
[SourceVersionDate "1997.11.17"]
[SourceQuality "1"]

1. Nf3 Nf6 2. b4 e6 3. a3 b6 4. e3 Bb7 5. c4 d5 6. Bb2 Be7 7. Be2 0-0 8. 0-0 Nbd7 9. d4 dxc4 10. Bxc4 c5 11. dxc5 bxc5 12. b5 a6 13. bxa6 Bxa6 14. Nbd2 Nb6 15. Qe2 Nxc4 16. Nxc4 Qd5 17. Rfc1 Rfb8 18. Be5 Bxc4 19. Qxc4 Qxc4 20. Rxc4 Rxa3 21. Rac1 Rba8 22. Bxf6 gxf6 23. Kf1 Ra1 24. Ke2 R8a2+ 25. R1c2 Kf8 26. Nd2 Ke8 27. Nb3 Rxc2+ 28. Rxc2 Ra7 29. Kd3 Rc7 30. Kc4 Kd7 31. Ra2 Kc6 32. Ra8 f5 33. Na5+ Kb6 34. Nb3 h5 35. Rb8+ Kc6 36. Na5+ Kd7 37. Ra8 h4 38. Ra6 Bd6 39. g3 hxg3 40. hxg3 Ke7 41. Ra8 Kf6 42. Ra6 Bf8 43. Ra8 Be7 44. Kd3 Rd7+ 45. Ke2 Rd8 46. Ra7 Rb8 47. Nc4 Rb3 48. f4 Rc3 49. Ne5 c4 50. Kd2 Rb3 51. Nxc4 Bb4+ 52. Ke2 Rc3 53. Rc7 Kg7 54. Rc6 Rc2+ 55. Kf1 Rc1+ 56. Ke2 Be1 57. Kf3 Rc2 58. g4 Rf2+ 59. Kg3 Rf1+ 60. Kg2 Rf2+ 0-1

[Event "CRO-chT2"]
[Site "Opatija"]
[Date "1995.??.??"]
[Round "?"]
[White "Susnjar, Miroslav"]
[Black "Kahn, Evarth"]
[Result "1-0"]
[WhiteElo "2315"]
[BlackElo "2400"]
[PlyCount "91"]
[EventDate "1995.??.??"]
[EventType "team"]
[EventRounds "9"]
[EventCountry "CRO"]
[SourceTitle "EXT 1998"]
[Source "ChessBase"]
[SourceDate "1997.11.17"]
[SourceVersion "1"]
[SourceVersionDate "1997.11.17"]
[SourceQuality "1"]

1. d4 Nf6 2. Nf3 g6 3. c4 Bg7 4. Nc3 0-0 5. e4 d6 6. h3 Na6 7. Be3 e5 8. d5 Nh5 9. Nh2 Nf4 10. g3 Nh5 11. Be2 Nf6 12. Nf1 c6 13. g4 Qa5 14. Nd2 cxd5 15. cxd5 Nc5 16. f3 Bd7 17. Nb3 Nxb3 18. Qxb3 b5 19. a3 a6 20. Rc1 Rfc8 21. 0-0 Be8 22. Na2 Nd7 23. Nb4 Nc5 24. Qd1 Qd8 25. Nd3 Nxd3 26. Qxd3 Qh4 27. Kg2 Bh6 28. Qd2 Bxe3 29. Qxe3 Qf6 30. Rc3 Rxc3 31. Qxc3 Qf4 32. Qc1 Bd7 33. Qc7 Qe3 34. Qxd7 Qxe2+ 35. Rf2 Qe1 36. Qb7 Rf8 37. Qxa6 f5 38. exf5 e4 39. Qxb5 gxf5 40. Qe2 exf3+ 41. Qxf3 Rf7 42. Qe2 Qa5 43. Qe6 f4 44. b4 Qxa3 45. Rxf4 Qb2+ 46. Kg3 1-0